| 000 | 00529nam a2200217 a 4500 | ||
|---|---|---|---|
| 001 | 4243717 | ||
| 005 | 20180119044828.0 | ||
| 008 | 841004s1984 ilua j 001 0 eng | ||
| 010 | _a 83071743 | ||
| 020 | _a0026657503 | ||
| 040 |
_aDLC _cDLC _dDLC |
||
| 041 | _aeng | ||
| 042 | _alcac | ||
| 080 | _a640 | ||
| 082 | 0 | 0 |
_a640 AME _219 |
| 100 | 1 | _a9 | |
| 101 | _aPED | ||
| 245 | 1 | 0 |
_aSteps in home living / _cby Karen Ament and Florence M. Reiff. |
| 906 |
_a7 _bcbc _corignew _d3 _eopcn _f19 _gy-gencatlg |
||
| 942 |
_2ddc _cBK |
||
| 999 |
_c40553 _d40553 |
||